[Event "77th ch-city"]
[Site "St Petersburg RUS"]
[Date "2004.04.05"]
[Round "5"]
[White "Klimov,S"]
[Black "Yevseev,D"]
[Result "0-1"]
[WhiteElo "2520"]
[BlackElo "2580"]

1.d4 d5 2.c4 e6 3.Nc3 c6 4.e3 Nf6 5.Nf3 Nbd7 6.Bd3 dxc4 7.Bxc4 b5 8.Bd3 Bb7
9.O-O a6 10.e4 c5 11.d5 Qc7 12.dxe6 fxe6 13.Bc2 Be7 14.Ng5 Qc6 15.f4 h6 16.Nf3 O-O-O
17.Qe2 b4 18.Nd1 Nxe4 19.Ne3 Nd6 20.a3 Bf6 21.Bd3 b3 22.Nc4 Nxc4 23.Bxc4 Rhe8
24.Nd2 Nb6 25.Bxb3 Bd4+ 26.Kh1 e5 27.fxe5 Bxe5 28.Bf7 Re7 29.Nb3 Rxf7  0-1

[Event "Asian U16b"]
[Site "Tehran IRI"]
[Date "2004.04.07"]
[Round "6"]
[White "Le Quang Liem"]
[Black "Arun Prasad,S"]
[Result "1/2-1/2"]
[WhiteElo "2297"]
[BlackElo "2334"]

1.d4 d5 2.c4 e6 3.Nc3 c6 4.e3 Nf6 5.Nf3 Nbd7 6.Qc2 Bd6 7.b3 O-O 8.Be2 e5
9.cxd5 cxd5 10.Nb5 Bb4+ 11.Bd2 Bxd2+ 12.Nxd2 a6 13.dxe5 Nxe5 14.Nd4 Bg4 15.Bxg4 Nfxg4
16.O-O Rc8 17.Qf5 Re8 18.N2f3 Nxf3+ 19.Nxf3 Nf6 20.Rfc1 Rc7 21.Qf4 Ree7 22.h3 Ne4
23.Nd4 g6 24.f3 Nc3 25.Qg5  1/2-1/2

[Event "Asian U18b"]
[Site "Tehran IRI"]
[Date "2004.04.07"]
[Round "7"]
[White "Hassan,Ab"]
[Black "Nasri,A"]
[Result "0-1"]
[WhiteElo "2361"]
[BlackElo "2204"]

1.d4 d5 2.Nf3 e6 3.c4 c6 4.e3 Nf6 5.Nc3 Nbd7 6.Bd3 dxc4 7.Bxc4 b5 8.Bd3 Bb7
9.a4 b4 10.Ne4 c5 11.Nxf6+ gxf6 12.e4 a6 13.Be3 cxd4 14.Bxd4 e5 15.Be3 f5
16.Ng5 h6 17.Nxf7 Kxf7 18.Qh5+ Kg7 19.exf5 Qf6 20.Rc1 Bc5 21.Rc4 Rag8 22.Rg4+ Kf8
23.Rxg8+ Rxg8 24.Bc4 Rxg2 25.Bxh6+ Ke7 26.h4 Kd8 27.Bg5 Rxg5 28.hxg5 Qxf5
29.Rg1 Bf3 30.Qh8+ Ke7 31.Kd2 Qf4+ 32.Kc2 Qxc4+  0-1

[Event "Asian U18b"]
[Site "Tehran IRI"]
[Date "2004.04.07"]
[Round "7"]
[White "Mamasaliev,M"]
[Black "Sadeghi,S"]
[Result "1/2-1/2"]
[WhiteElo "2287"]
[BlackElo "2164"]

1.d4 d5 2.c4 c6 3.Nc3 Nf6 4.Nf3 e6 5.e3 Nbd7 6.Qc2 Be7 7.b3 O-O 8.Bd3 Qc7
9.Bb2 Re8 10.Rc1 a6 11.O-O Bd6 12.e4 dxe4 13.Nxe4 Nxe4 14.Bxe4 f5 15.Bd3 Nf6
16.Rfe1 Bd7 17.Re2 h6 18.Rce1 Rad8 19.Bc3 Qb8 20.c5 Bc7 21.h3 Nd5  1/2-1/2

[Event "ch-HUN U20"]
[Site "Budapest HUN"]
[Date "2004.04.08"]
[Round "4"]
[White "Flumbort,A"]
[Black "Banusz,T"]
[Result "1/2-1/2"]
[WhiteElo "2486"]
[BlackElo "2379"]

1.d4 d5 2.c4 c6 3.Nc3 Nf6 4.e3 e6 5.Nf3 Nbd7 6.Bd3 dxc4 7.Bxc4 b5 8.Bd3 b4
9.Ne4 Be7 10.Nxf6+ Nxf6 11.e4 Bb7 12.O-O O-O 13.e5 Nd7 14.Be4 Rb8 15.a3 bxa3
16.b4 Nb6 17.Qc2 h6 18.Rxa3 Bxb4 19.Rxa7 Nd5 20.Ba3 Qb6 21.Bxd5 Qxa7 22.Bxb4 cxd5
23.Bxf8 Rxf8  1/2-1/2

[Event "Open ch-NOR"]
[Site "Oslo NOR"]
[Date "2004.04.08"]
[Round "6"]
[White "Johansson,V"]
[Black "Stokke,K"]
[Result "1/2-1/2"]
[WhiteElo "2139"]
[BlackElo "2214"]

1.d4 d5 2.c4 c6 3.Nc3 Nf6 4.e3 e6 5.Nf3 Bd6 6.Be2 Nbd7 7.O-O dxc4 8.Bxc4 b5
9.Bd3 O-O 10.Qc2 Bb7 11.Rd1 Rc8 12.Ng5 Bxh2+ 13.Kxh2 Ng4+ 14.Kg1 Qxg5 15.Bxh7+ Kh8
16.Be4 Qh4 17.Bf3 b4 18.Bxg4 Qxg4 19.f3 Qh5 20.Ne4 c5 21.Nd6 Rb8 22.Nxb7 Rxb7
23.dxc5 Qxc5 24.Qe4 Rfb8  1/2-1/2

[Event "Cogas Open"]
[Site "Almelo NED"]
[Date "2004.04.09"]
[Round "2"]
[White "Fridman,D2"]
[Black "Pliester,L"]
[Result "1-0"]
[WhiteElo "2592"]
[BlackElo "2363"]

1.d4 d5 2.Nf3 c6 3.c4 Nf6 4.e3 e6 5.Nc3 Nbd7 6.Qc2 Bd6 7.g4 Nxg4 8.Rg1 Nxh2
9.Nxh2 Bxh2 10.Rxg7 Nf8 11.Rg2 Bc7 12.e4 dxc4 13.Be3 Ng6 14.O-O-O Qh4 15.e5 f5
16.Bg5 Qh1 17.Rg3 Bd8 18.Bxd8 Kxd8 19.Rh3 Qg1 20.Qd2 Bd7 21.f3 f4 22.Bd3 Qg5
23.Bxc4 Kc7 24.Ne4 Qe7 25.Rdh1 Raf8 26.Bd3 Rf7 27.Nd6 Rg7 28.Bxg6 Rxg6 29.Qxf4 Rf8
30.Qe3 Qg5 31.Qxg5 Rxg5 32.Ne4 Rgf5 33.Nf6 R8xf6 34.exf6 Rxf6 35.Rxh7 Rxf3
36.Rg7 Rd3 37.Rh4 c5 38.dxc5 a5 39.Rh5 Kc6 40.Kc2 Rd4 41.Kc3 Rd1 42.b3 b6
43.cxb6 Kxb6 44.a4 Bc6 45.Rh8 Rf1 46.Rb8+ Ka6 47.Rc7 Bd5 48.Kb2 Rf2+ 49.Ka3 Rf3
50.Rb5 Rh3 51.Rcc5 Rg3 52.Rxa5+ Kb6 53.Rab5+ Ka6 54.a5 Rh3 55.Rb6+ Ka7 56.Rc7+ Ka8
57.Re7 Rg3 58.a6 Rg8 59.Ka4 Rh8 60.b4 Rg8 61.Rd6  1-0

[Event "8th Neckar Open"]
[Site "Deizisau GER"]
[Date "2004.04.09"]
[Round "2"]
[White "Riedel,Ho"]
[Black "Pavasovic,D"]
[Result "0-1"]
[WhiteElo "2257"]
[BlackElo "2615"]

1.d4 d5 2.c4 e6 3.Nc3 c6 4.e3 Nf6 5.Nf3 Nbd7 6.Bd3 dxc4 7.Bxc4 b5 8.Be2 Be7
9.e4 b4 10.e5 bxc3 11.exf6 Bxf6 12.bxc3 c5 13.O-O Bb7 14.Bf4 O-O 15.Rb1 Bd5
16.Bd6 Be7 17.Bxe7 Qxe7 18.c4 Be4 19.Bd3 Bxf3 20.Qxf3 cxd4 21.Qe4 g6 22.Qxd4 Nc5
23.Bc2 Rfd8 24.Qe3 Rac8 25.g3 Qc7 26.h4 Nd7 27.Rfe1 Qxc4 28.Bb3 Qc5 29.Qf4 Qf5
30.Qxf5 gxf5 31.Kg2 Kg7 32.Rb2 Kf6 33.Rd2 Nc5 34.Red1 Ke7 35.f3 Rxd2+ 36.Rxd2 Rd8
37.Rc2 Nd3 38.Rc7+ Rd7 39.Rc8 Ne5 40.Rc2 Kf6 41.Rc3 Rd2+ 42.Kf1 Rd3 43.Rxd3 Nxd3
44.Bc4 Ne5 45.Be2 f4 46.g4 Ng6 47.g5+ Ke5 48.h5 Nh4 49.Bd3 Nxf3 50.Bxh7 Nxg5
51.Bc2 f5 52.Ke2 Kf6 53.Kd3 e5 54.Kc4 e4  0-1

[Event "8th Neckar Open"]
[Site "Deizisau GER"]
[Date "2004.04.09"]
[Round "3"]
[White "Ftacnik,L"]
[Black "Schlecht,D"]
[Result "1-0"]
[WhiteElo "2582"]
[BlackElo "2360"]

1.Nf3 d5 2.d4 Nf6 3.c4 c6 4.Nc3 e6 5.e3 Nbd7 6.Bd3 dxc4 7.Bxc4 b5 8.Bd3 Bb7
9.e4 b4 10.Na4 c5 11.e5 Nd5 12.O-O cxd4 13.Re1 Be7 14.Nxd4 O-O 15.Qg4 Re8
16.Bb5 Bf8 17.Bg5 Be7 18.Bh6 Bf8 19.Rac1 a6 20.Bc6 Bxc6 21.Nxc6 Qc8 22.Ne7+ Nxe7
23.Rxc8 Rexc8 24.Bd2 Nd5 25.Qe4 g6 26.g3 a5 27.h4 Rc6 28.Rc1 Rac8 29.Rxc6 Rxc6
30.Kf1 Rc7 31.Ke2 Nc5 32.Nxc5 Bxc5 33.Qd3 a4 34.Qb5 a3 35.bxa3 bxa3 36.Qb8+ Kg7
37.Bg5 Ra7 38.f4 Ra4 39.Bf6+ Kh6 40.Qh8 Rc4 41.Kf3 Rc3+ 42.Kg4  1-0

[Event "6th Foxwoods Open"]
[Site "Connecticut USA"]
[Date "2004.04.10"]
[Round "7"]
[White "Figler,I"]
[Black "Donaldson,J"]
[Result "1/2-1/2"]
[WhiteElo "2327"]
[BlackElo "2459"]

1.d4 d5 2.c4 e6 3.Nc3 c6 4.e3 Nf6 5.Nf3 Nbd7 6.Qc2 Bd6 7.b3 O-O 8.Bb2 Qe7
9.Rd1 dxc4 10.Bxc4 e5 11.h3 e4 12.Nd2 Re8  1/2-1/2

[Event "Pobeskydi Technomont Cup"]
[Site "Frydek Mistek CZE"]
[Date "2004.04.10"]
[Round "6"]
[White "Belunek,V"]
[Black "Dambrauskas,V"]
[Result "1-0"]
[WhiteElo "2288"]
[BlackElo "2303"]

1.d4 Nf6 2.c4 e6 3.Nf3 d5 4.Nc3 c6 5.e3 Nbd7 6.Qc2 Be7 7.Bd2 b6 8.cxd5 exd5
9.g4 Nxg4 10.Rg1 Nf8 11.h3 Nf6 12.Ne5 Qd6 13.Rxg7 Nh5 14.Rg1 Nd7 15.Nf3 Nhf6
16.O-O-O Bb7 17.Bd3 a6 18.Bf5 c5 19.Rde1 Rc8 20.Kb1 Rc7 21.Qd3 Nf8 22.e4 dxe4
23.Nxe4 Nxe4 24.Bxe4 Bc8 25.Bc3 f6 26.dxc5 Qxd3+ 27.Bxd3 Ne6 28.cxb6 Rc6
29.b7 Bxb7 30.Be4 Kf7 31.Bxc6 Bxc6 32.Nd4 Nxd4 33.Bxd4 Rd8 34.Bc3 Bf8 35.Rc1 Be4+
36.Ka1 Rd7 37.Rcd1 Rb7 38.Rd4 Bf5 39.h4 a5 40.Rd5  1-0

[Event "50th Mexican Open Ch"]
[Site "Leon MEX"]
[Date "2004.04.10"]
[Round "8"]
[White "Gonzalez,JC"]
[Black "Martinez,Ib"]
[Result "1-0"]
[WhiteElo "2517"]
[BlackElo "2338"]

1.d4 d5 2.Nf3 Nf6 3.c4 e6 4.Nc3 c6 5.e3 Bd6 6.Bd3 Nbd7 7.O-O O-O 8.e4 dxc4
9.Bxc4 e5 10.Bg5 h6 11.Bh4 Qe7 12.Re1 Nb6 13.dxe5 Bxe5 14.Nxe5 Qxe5 15.Bb3 Nh5
16.Qf3 Be6 17.Nd5 cxd5 18.exd5 Bxd5 19.Rxe5 Bxf3 20.gxf3 g5 21.Bxg5 hxg5
22.Rxg5+ Kh7 23.Rxh5+ Kg6 24.Rb5 Rad8 25.a4 Rd7 26.a5 Nc8 27.Bc2+ f5 28.Ra4 Ne7
29.Rab4 Nc6 30.Rg4+ Kh6 31.Rxf5 Rxf5 32.Bxf5 Rf7 33.Be4 Nxa5 34.Kg2 Rf6 35.Rh4+ Kg5
36.Kg3 Rf8 37.Rg4+ Kh5 38.Rg7 Nc4 39.h4 Rh8 40.Rxb7 a6 41.Rg7 Nxb2 42.Rg5+ Kh6
43.Kg4  1-0

[Event "zt 2.2 w"]
[Site "Toronto CAN"]
[Date "2004.04.10"]
[Round "4"]
[White "Charbonneau,A"]
[Black "Mongeau,D"]
[Result "1/2-1/2"]
[WhiteElo "2048"]
[BlackElo "2087"]

1.d4 d5 2.c4 e6 3.Nc3 c6 4.e3 Nf6 5.Nf3 Bd6 6.Qc2 Nbd7 7.b3 O-O 8.Be2 Re8
9.O-O dxc4 10.bxc4 e5 11.Bb2 exd4 12.exd4 Nf8 13.a4 Bg4 14.Rfd1 Qe7 15.h3 Bh5
16.Qc1 Ne4 17.Nxe4 Qxe4 18.Re1 Bb4 19.Bc3 Bxc3 20.Qxc3 Qf4 21.Qc1 Ng6 22.Qd1 Bxf3
23.Bxf3 Rxe1+ 24.Qxe1 Qxd4 25.Rc1 Ne5 26.Rd1 Nxf3+ 27.gxf3 Qf6 28.Qe3 h6
29.Kh2 b6 30.Rd7 c5 31.Qe4 Rd8 32.Rxa7 Qd6+ 33.Kg2 Qg6+ 34.Qxg6 fxg6 35.Rb7 Ra8
36.Rxb6 Rxa4 37.Rxg6 Rxc4 38.Rc6 Rc1 39.f4 c4 40.Kf3 c3 41.Ke2 c2 42.Rc4 Kf7
43.Kd2 Rf1 44.Kxc2 Rxf2+ 45.Kd3 Rf3+ 46.Ke4 Rxh3 47.Rc7+ Kg8 48.Kf5 Rg3 49.Ra7 Kh7
50.Ra6 h5 51.Ke4 Rg6 52.Ra5 Kh6 53.f5 Rf6 54.Ra1 g6 55.fxg6 Rxg6 56.Rf1 h4
57.Ra1 Kg7 58.Ra7+ Kh6 59.Ra8  1/2-1/2

[Event "8th Neckar Open"]
[Site "Deizisau GER"]
[Date "2004.04.11"]
[Round "6"]
[White "Braun,A"]
[Black "Pavasovic,D"]
[Result "1/2-1/2"]
[WhiteElo "2429"]
[BlackElo "2615"]

1.d4 d5 2.c4 e6 3.Nc3 c6 4.Nf3 Nf6 5.e3 Nbd7 6.Qc2 Bd6 7.b3 O-O 8.Bb2 b6
9.Bd3 Bb7 10.O-O Re8 11.Rad1 c5 12.cxd5 exd5 13.Rfe1 Qe7 14.Bb5 Red8 15.Qf5 Qe6
16.Qb1 Nf8 17.Bf1 a6 18.Na4 N8d7 19.dxc5 bxc5 20.Qa1 Bf8 21.Nc3 Nb6  1/2-1/2

[Event "Pobeskydi Arcimpex Cup"]
[Site "Frydek Mistek CZE"]
[Date "2004.04.11"]
[Round "8"]
[White "Holemar,D"]
[Black "Cernousek,L"]
[Result "1/2-1/2"]
[WhiteElo "2362"]
[BlackElo "2369"]

1.d4 d5 2.c4 c6 3.Nf3 Nf6 4.Nc3 e6 5.e3 Nbd7 6.Bd3 dxc4 7.Bxc4 b5 8.Bd3 Bb7
9.e4 b4 10.Na4 c5 11.e5 Nd5 12.O-O cxd4 13.Re1 g6 14.h4 Bg7 15.h5 O-O 16.Bg5 Qa5
17.Bd2 Bc6 18.Bc2 d3 19.Bb3 N5b6 20.Nxb6 Qxb6 21.Be3 Bxf3 22.Qxf3 Qb5 23.hxg6 hxg6
24.Qe4 Nxe5 25.Bd4 d2 26.Red1 Qd3 27.Qxd3 Nxd3 28.Bxg7 Kxg7 29.Rxd2 Nc5 30.Rc2 Nxb3
31.axb3 Rfc8 32.Rxc8 Rxc8 33.Ra4 Rc1+ 34.Kh2 Rc2 35.Kg3 a5 36.Ra2 Kf6 37.Kf3 e5
38.g4 Ke6 39.Ke3 f5 40.gxf5+ gxf5 41.f4 e4 42.Kd4 Rd2+ 43.Kc4 Rf2 44.Rxa5 Rxf4
45.Ra6+ Ke5 46.Ra5+ Kf6 47.Ra6+ Kg5 48.Kxb4 e3+ 49.Kc3 Re4 50.Ra1 f4 51.Kd3 Rb4
52.Ke2 Re4 53.b4 Kf5 54.Kf3 e2 55.Re1 Re3+ 56.Kf2 Kg4 57.Rxe2 Rh3 58.b5 Rf3+
59.Kg2 Rh3 60.Rc2 Rg3+ 61.Kf2 Rh3 62.Kg1 Kg3 63.b6 Rh6 64.b7 Rb6 65.Rc3+ f3
66.Rc8 Rxb7  1/2-1/2

[Event "Open ch-NOR"]
[Site "Oslo NOR"]
[Date "2004.04.11"]
[Round "9"]
[White "Pham,T"]
[Black "Brekke,J"]
[Result "1-0"]
[WhiteElo "2126"]
[BlackElo "2009"]

1.d4 d5 2.c4 c6 3.Nc3 Nf6 4.e3 e6 5.Nf3 Nbd7 6.Qc2 Bd6 7.Be2 O-O 8.g4 Nxg4
9.Bd2 f5 10.h3 Ngf6 11.O-O-O dxc4 12.Bxc4 Nb6 13.Bb3 Nbd5 14.Bxd5 cxd5 15.Nb5 Ne4
16.Be1 Be7 17.Kb1 Bd7 18.Nc3 Rc8 19.Qb3 Nxc3+ 20.Bxc3 Bc6 21.Bb4 f4 22.Ne5 fxe3
23.fxe3 Rf2 24.Rdf1 Rxf1+ 25.Rxf1 Bf6 26.Ng4 Bh4 27.Rf8+ Qxf8 28.Bxf8 Rxf8
29.a3 Rf1+ 30.Ka2 a6 31.Ne5 Bb5 32.Qc3 Rf8 33.Qc7 Bf1 34.Qxb7 Bxh3 35.Qxa6 Bf2
36.Nd7 Re8 37.Qe2 Bg1 38.Qh5 Rd8 39.Qxh3 Rxd7 40.Qxe6+ Rf7 41.Qxd5 Bxe3 42.Qe5 Bf4
43.Qe8+ Rf8 44.Qe6+ Rf7 45.d5 g5 46.d6 Kg7 47.d7 Bc7 48.Qc6 Bd8 49.b4 g4
50.Qe6 h5 51.Qe5+ Kg6 52.a4 Bf6 53.Qxf6+ Rxf6 54.d8=Q h4 55.Qg8+ Kf5 56.Qd5+ Kf4
57.Qd4+ Kg5 58.b5 g3 59.b6 Rf4 60.Qg7+ Kf5 61.b7 Rxa4+ 62.Kb3 Rg4 63.Qf7+ Ke4
64.b8=Q  1-0

[Event "ACP Blitz Prelim1"]
[Site "playchess.com INT"]
[Date "2004.04.12"]
[Round "6"]
[White "Matveeva,S"]
[Black "Karjakin,Sergey"]
[Result "1-0"]
[WhiteElo "2496"]
[BlackElo "2580"]

1.d4 d5 2.c4 c6 3.Nc3 Nf6 4.Nf3 e6 5.e3 Nbd7 6.Qc2 Bd6 7.b3 O-O 8.Be2 b6
9.O-O Bb7 10.Bb2 Qe7 11.Rad1 Rfe8 12.e4 Nxe4 13.Nxe4 dxe4 14.Qxe4 Nf6 15.Qh4 c5
16.dxc5 Bxc5 17.Ne5 Rad8 18.Bf3 Bxf3 19.Nxf3 Rxd1 20.Rxd1 Rd8 21.Re1 h6 22.h3 Rd3
23.Kf1 Qd8 24.Bxf6 Qxf6 25.Qxf6 gxf6 26.Ke2 Rd7 27.Rc1 Kg7 28.Ne1 f5 29.Nd3 Ba3
30.Rc2 a5 31.c5 Rc7 32.c6  1-0

[Event "ACP Blitz Prelim1"]
[Site "playchess.com INT"]
[Date "2004.04.12"]
[Round "14"]
[White "Sasikiran,K"]
[Black "Timofeev,Ar"]
[Result "0-1"]
[WhiteElo "2659"]
[BlackElo "2591"]

1.d4 d5 2.c4 e6 3.Nc3 c6 4.e3 Nf6 5.Nf3 Nbd7 6.Bd3 dxc4 7.Bxc4 b5 8.Bd3 Bb7
9.O-O a6 10.e4 c5 11.d5 Qc7 12.dxe6 fxe6 13.Bc2 c4 14.Nd4 Nc5 15.Be3 O-O-O
16.Qe2 e5 17.Nf3 Be7 18.Rfc1 Kb8 19.Nd2 Nd3 20.Bxd3 Rxd3 21.a4 b4 22.Nd5 Nxd5
23.exd5 Bxd5 24.Nxc4 Bxc4 25.Qg4 Rc8 26.h3 Bd6 27.a5 g6 28.Rab1 b3 29.Ra1 Qc6
30.Qh4 e4 31.Qxh7 Rc7 32.Qh8+ Kb7 33.Bb6 Rd7 34.Be3 Qd5 35.g3 Be5 36.Qf8 Bxb2
37.Qb4+ Qb5 38.Qf8 Bxa1 39.Rxa1 b2  0-1

[Event "ACP Blitz Prelim2"]
[Site "playchess.com INT"]
[Date "2004.04.13"]
[Round "4"]
[White "Sagalchik,G"]
[Black "Godena,M"]
[Result "0-1"]
[WhiteElo "2487"]
[BlackElo "2533"]

1.d4 d5 2.c4 e6 3.Nc3 c6 4.e3 Nf6 5.Nf3 a6 6.Bd3 dxc4 7.Bxc4 c5 8.O-O b5
9.Bb3 Bb7 10.a4 b4 11.Nb1 Nbd7 12.Nbd2 Be7 13.a5 O-O 14.Nc4 Qc7 15.Nfe5 Rfd8
16.Qe2 Bd5 17.e4 Bxe4 18.Nxd7 Qxd7 19.Nb6 Qxd4 20.Nxa8 Bd3 21.Qf3 Bxf1 22.Kxf1 c4
23.Bc2 b3 24.Be3 Qxb2 25.Re1 Qxc2 26.Rc1 Qd3+  0-1

[Event "ACP Blitz Prelim2"]
[Site "playchess.com INT"]
[Date "2004.04.13"]
[Round "6"]
[White "Gustafsson,J"]
[Black "Godena,M"]
[Result "1-0"]
[WhiteElo "2579"]
[BlackElo "2533"]

1.Nf3 d5 2.d4 Nf6 3.c4 e6 4.Nc3 c6 5.e3 a6 6.c5 Nbd7 7.Bd3 b6 8.cxb6 Qxb6
9.O-O c5 10.Na4 Qa7 11.b3 cxd4 12.exd4 Bd6 13.Bb2 O-O 14.Ne5 Bb7 15.Qe2 Rfd8
16.a3 Ne4 17.b4 Nxe5 18.dxe5 Be7 19.Rac1 Rac8 20.Qe3 Qxe3 21.fxe3 Bg5 22.Bd4 Nd2
23.Rfd1 Nb3 24.Rxc8 Rxc8 25.Nc5 Nxc5 26.bxc5 a5 27.Rb1 Bc6 28.Ba6 Ra8 29.Rb6 Be8
30.Bb7 Rb8 31.c6 Bd8 32.Ra6 Bc7 33.Ba7 Rd8 34.Bb6 Bxb6 35.Rxb6 Bxc6 36.Rxc6 Kf8
37.Rc8  1-0

[Event "ACP Blitz Prelim3"]
[Site "playchess.com INT"]
[Date "2004.04.14"]
[Round "16"]
[White "Lautier,J"]
[Black "Luther,T"]
[Result "1-0"]
[WhiteElo "2680"]
[BlackElo "2577"]

1.d4 d5 2.c4 c6 3.Nf3 Nf6 4.Nc3 e6 5.e3 Nbd7 6.Bd3 dxc4 7.Bxc4 b5 8.Bd3 a6
9.e4 c5 10.e5 cxd4 11.Nxb5 axb5 12.exf6 gxf6 13.O-O b4 14.Bf4 Qb6 15.Bg3 Bd6
16.Be4 Ra7 17.Nxd4 Bxg3 18.hxg3 Bb7 19.Bxb7 Rxb7 20.Qg4 Kf8 21.Rac1 Ne5 22.Qe4 Kg7
23.Rfd1 Rd7 24.Nf3 Nxf3+ 25.gxf3 Rhd8 26.Rxd7 Rxd7 27.Qg4+ Kf8 28.Rc8+ Ke7
29.Qg8 Rd8 30.Rxd8 Qxd8 31.Qxh7 Qd2 32.Qb1 f5 33.f4 Kf6 34.a4 b3 35.Qa1 e5
36.fxe5+ Kxe5 37.a5 f4 38.gxf4+ Kxf4 39.Qa4+ Kg5 40.Qxb3 Qxa5 41.Qe3+ Kg6
42.Qe4+ f5 43.Qe6+ Kg5 44.Qe7+ Kg6 45.b4 Qd5 46.Qe3 Kh5 47.Qh3+ Kg6 48.Qg2+ Qxg2+
49.Kxg2  1-0

[Event "ACP Blitz Prelim4"]
[Site "playchess.com INT"]
[Date "2004.04.15"]
[Round "12"]
[White "Epishin,V"]
[Black "Fridman,D2"]
[Result "0-1"]
[WhiteElo "2610"]
[BlackElo "2594"]

1.d4 d5 2.c4 c6 3.Nf3 Nf6 4.Nc3 e6 5.e3 a6 6.a4 c5 7.Bd3 cxd4 8.exd4 Nc6
9.O-O Be7 10.Bf4 O-O 11.Rc1 Nb4 12.c5 b6 13.cxb6 Qxb6 14.Bb1 Bb7 15.Qd2 a5
16.Rfe1 Rac8 17.Ne5 Nc6 18.Nb5 Ba6 19.Nxc6 Rxc6 20.Rxc6 Qxc6 21.Rc1 Qb6 22.Bc7 Qb7
23.Qxa5 Rc8 24.Rc3 Bxb5 25.axb5 Nd7 26.b6 Ra8 27.Qb5 Nf8 28.Qc6 Ra1 29.h3 Rxb1+
30.Kh2 Qxc6 31.Rxc6 Rxb2 32.Bb8 f6 33.f4 Kf7 34.Ba7 Nd7 35.Kg3 Bd8 36.Rc7 Ke7
37.Kf3 Bxc7 38.bxc7 Nb6 39.Bxb6 Kd7 40.Bc5 Kxc7 41.Bf8 g6 42.Bg7 f5 43.Be5+ Kc6
44.g4 Kb5 45.Kg3 Rb3+ 46.Kh4 Kc4 47.gxf5 exf5 48.Bf6 Rf3 49.Be5 Kd3 50.Bd6 Kxd4
51.Be5+ Ke4 52.Bd6 d4 53.Be5 d3  0-1

[Event "6th Open"]
[Site "Dubai UAE"]
[Date "2004.04.19"]
[Round "1"]
[White "Kuzmin,A"]
[Black "Ali,Mah"]
[Result "1-0"]
[WhiteElo "2567"]
[BlackElo "2256"]

1.d4 d5 2.c4 c6 3.Nc3 e6 4.Nf3 Nf6 5.e3 Nbd7 6.Qc2 Bd6 7.Bd3 O-O 8.O-O dxc4
9.Bxc4 b5 10.Be2 a6 11.e4 e5 12.a3 Bb7 13.dxe5 Nxe5 14.Nh4 Bb8 15.Nf5 c5
16.f4 Nc6 17.e5 Nd4 18.Nxd4 Qxd4+ 19.Kh1 Ne4 20.Bf3 Nxc3 21.Bxb7 Ra7 22.Bf3 Nd5
23.Bxd5 Qxd5 24.Be3 Rc7 25.Rfd1 Qb7 26.Bxc5 Ba7 27.b4 Rfc8 28.Rac1 h6 29.Qf5 Bxc5
30.bxc5 Qa7 31.e6 fxe6 32.Qxe6+ Kh8 33.c6 Qb6 34.Rd6 Qf2 35.f5 a5 36.Qe5 Kh7
37.Qxb5 Rf7 38.Rf1 Qc2 39.h3 Qc3 40.a4  1-0

[Event "6th Open"]
[Site "Dubai UAE"]
[Date "2004.04.21"]
[Round "3"]
[White "Safin,S"]
[Black "Asrian,K"]
[Result "1/2-1/2"]
[WhiteElo "2499"]
[BlackElo "2605"]

1.d4 d5 2.c4 e6 3.Nc3 c6 4.e3 Nf6 5.Nf3 Nbd7 6.Qc2 Bd6 7.Bd3 O-O 8.O-O dxc4
9.Bxc4 b5 10.Be2 Bb7 11.Rd1 Qb8 12.h3 a6 13.e4 e5 14.dxe5 Nxe5 15.Nxe5 Bxe5
16.Be3 Re8 17.Bd3 Qc7 18.a4 Rac8 19.Rac1 Bh2+ 20.Kh1 Bf4 21.Bxf4 Qxf4 22.f3 Rcd8
23.Ne2 Qh4 24.Qc5 Bc8 25.Kg1 Nd7 26.Qf2 Qf6  1/2-1/2

[Event "TCh-RUS w"]
[Site "Sochi RUS"]
[Date "2004.04.22"]
[Round "3"]
[White "Avdeeva,V"]
[Black "Shaidullina,S"]
[Result "1/2-1/2"]
[WhiteElo "2142"]
[BlackElo "2332"]

1.d4 d5 2.c4 c6 3.e3 Nf6 4.Nc3 e6 5.Nf3 Nbd7 6.Qc2 b6 7.Be2 Bb7 8.O-O Be7
9.e4 dxe4 10.Nxe4 Qc7 11.Nxf6+ Nxf6 12.Bg5 O-O 13.Rad1 c5 14.dxc5 Qxc5 15.Be3 Qc6
16.Ne1 Rac8 17.Bf3 Qc7 18.b3 b5 19.Bf4 Qxf4 20.Bxb7 Rc7 21.Ba6 Ng4 22.g3 Qh6
23.Nf3 b4 24.Qd2 Qh5 25.Kg2 Rc5 26.h3 Nf6 27.Rfe1 h6 28.Qe2 Ra5 29.Bb5 a6
30.Ba4 Rc8 31.Ne5 Qxe2 32.Rxe2 Rac5 33.Nd7 R5c7 34.Nxf6+ Bxf6 35.Red2 Be7
36.Rd7 Kf8 37.Rxc7 Rxc7 38.Rd7 Rxd7 39.Bxd7 Bc5 40.Bc8 a5 41.f4 Ke7 42.Kf3 Kd6
43.g4 Bg1 44.Ke4 g6 45.f5 exf5+ 46.gxf5 g5 47.f6 h5 48.Kf5 g4 49.hxg4 hxg4
50.Kxg4 Ke5 51.Kf3 Ba7 52.Bd7 Kxf6 53.Ke4 Ke7 54.Bb5 Ke6 55.Ba4 f5+ 56.Kf3 Ke5
57.Bd7 f4 58.Bb5 Be3 59.Ba4 Bb6 60.Bb5 Bc7 61.Be8 Kd4 62.Ba4 Kc3 63.Bd7 Kb2
64.Ba4 Kxa2 65.Ke4 Kb2 66.Kf3 Kc3 67.Ke4 Kc2 68.Kf3 Kd3 69.Be8 Be5 70.Ba4 Kc3
71.Ke4 Bc7 72.Kf3  1/2-1/2

[Event "6th Open"]
[Site "Dubai UAE"]
[Date "2004.04.23"]
[Round "5"]
[White "Vladimirov,E"]
[Black "Ramesh,R"]
[Result "1-0"]
[WhiteElo "2621"]
[BlackElo "2493"]

1.d4 d5 2.c4 c6 3.Nf3 Nf6 4.Nc3 e6 5.e3 Nbd7 6.Bd3 dxc4 7.Bxc4 b5 8.Bd3 Bb7
9.e4 b4 10.Na4 c5 11.e5 Nd5 12.dxc5 Nxc5 13.Bb5+ Nd7 14.Bg5 Qa5 15.Bxd7+ Kxd7
16.O-O Bc6 17.b3 Be7 18.Nb2 h6 19.Nc4 Qa6 20.Bxe7 Kxe7 21.Qd4 Bb5 22.a4 Bxc4
23.bxc4 Nc7 24.Qc5+ Kd7 25.Rfd1+ Kc8 26.Rd6 Qb7 27.Nd4  1-0

[Event "6th Open"]
[Site "Dubai UAE"]
[Date "2004.04.23"]
[Round "5"]
[White "Simonsen,H"]
[Black "Kosasih,C"]
[Result "0-1"]
[WhiteElo "2243"]
[BlackElo "2406"]

1.d4 d5 2.c4 c6 3.Nf3 Nf6 4.Nc3 e6 5.e3 Nbd7 6.Bd3 Bd6 7.e4 dxe4 8.Nxe4 Nxe4
9.Bxe4 Nf6 10.Bc2 Bb4+ 11.Bd2 Bxd2+ 12.Qxd2 O-O 13.O-O b6 14.Rad1 Qc7 15.Ne5 Bb7
16.Qf4 c5 17.Rd3 Be4 18.Rg3 Bxc2 19.Qxf6 Bg6 20.Qf4 Rac8 21.Rd1 cxd4 22.Rxd4 f6
23.Nxg6 e5 24.Qd2 exd4 25.Nxf8 Qxc4 26.h3 Qc1+ 27.Qxc1 Rxc1+ 28.Kh2 Kxf8
29.Ra3 Rc2 30.b4 Rc7 31.Rd3 Rd7 32.Kg3 Kf7 33.Kf3 Ke6 34.Rd1 Kd5 35.Rc1 Re7
36.Rc8 d3 37.a3 Kd4  0-1

[Event "6th Open"]
[Site "Dubai UAE"]
[Date "2004.04.23"]
[Round "5"]
[White "Safin,S"]
[Black "Goloshchapov,A"]
[Result "0-1"]
[WhiteElo "2499"]
[BlackElo "2569"]

1.d4 d5 2.c4 e6 3.Nc3 c6 4.e3 Nf6 5.Nf3 Nbd7 6.Qc2 Bd6 7.Bd3 O-O 8.O-O dxc4
9.Bxc4 b5 10.Be2 Bb7 11.Rd1 Qc7 12.Bd2 a6 13.b4 Rfe8 14.a3 e5 15.Bd3 h6 16.h3 exd4
17.exd4 Nb6 18.Re1 Rad8 19.Rac1 Bc8 20.Be3 Bd7 21.Nd2 Nfd5 22.Nxd5 Nxd5 23.Be4 Nxe3
24.fxe3 a5 25.Rb1 axb4 26.axb4 Ra8 27.Rf1 Re7 28.Rf3 Ra3 29.Bd3 Be6 30.Nf1 Bd5
31.Rf2 Qa7 32.Rb2 Qa4 33.Qe2 Bxb4 34.Bc2 Qa5 35.Qg4 Re8 36.Qf5 g6 37.Qd7 Rd8
38.Qg4 Bf8 39.Be4 Qc7 40.Bxd5 Rxd5 41.Rfc2 Ra1 42.Rf2 b4 43.Qe4 Qd7 44.Qc2 c5
45.Qb3 cxd4 46.e4 Re5 47.Rf6 Re6 48.Rxe6 Qxe6 49.Qxe6 fxe6 50.Kf2 Kf7 51.Nd2 Kf6
52.Ke2 Rg1 53.Kf2 Rc1 54.Nf3 d3 55.Ke3 Rc2 56.e5+ Kf7 57.Rb3 Rxg2 58.Rxd3 g5
59.Rd7+ Kg6 60.Nd4 Bc5 61.Ke4 Bxd4 62.Rxd4 b3 63.Rb4 b2 64.Rb6 Kh5 65.Kf3 Rc2
66.Kg3 Rd2  0-1

[Event "TCh-RUS 1st Liga"]
[Site "Sochi RUS"]
[Date "2004.04.23"]
[Round "4"]
[White "Dyachkov,S"]
[Black "Yevseev,D"]
[Result "1-0"]
[WhiteElo "2549"]
[BlackElo "2580"]

1.d4 d5 2.c4 c6 3.Nf3 Nf6 4.Nc3 e6 5.e3 Nbd7 6.Bd3 dxc4 7.Bxc4 b5 8.Bd3 Bb7
9.e4 b4 10.Na4 c5 11.e5 Nd5 12.O-O cxd4 13.Re1 g6 14.Bd2 Bg7 15.Bb5 a6 16.Nc5 axb5
17.Nxb7 Qb6 18.Nd6+ Ke7 19.Ng5 Rhf8 20.f4 h6 21.Nge4 Rfb8 22.Qb3 Ra4 23.Rac1 Kf8
24.h4 Kg8 25.h5 d3+ 26.Kh1 Qd8 27.hxg6 fxg6 28.g3 Qe7 29.Nxb5 Ra5 30.Nd4 Nc5
31.Nxc5 Rxc5 32.Rxc5 Qxc5 33.Nxe6 Qc6 34.Nd4 Qa8 35.Kh2 Kh7 36.f5 gxf5 37.Nxf5 Nc3
38.Qf7 Rb7 39.Qc4 Qe8 40.Qxd3 Rd7 41.Nd4+ Kh8 42.bxc3 Bxe5 43.Qf5 Re7 44.Bf4 Bxd4
45.Rxe7 Qxe7 46.cxd4  1-0

[Event "Bundesliga 2003-4"]
[Site "Koelln GER"]
[Date "2004.04.24"]
[Round "14"]
[White "Gurevich,M"]
[Black "Knaak,R"]
[Result "0-1"]
[WhiteElo "2672"]
[BlackElo "2482"]

1.c4 e6 2.Nf3 d5 3.d4 Nf6 4.Nc3 c6 5.e3 Nbd7 6.Qc2 Bd6 7.Be2 O-O 8.O-O dxc4
9.Bxc4 b5 10.Be2 Bb7 11.Rd1 Qb8 12.a3 Rc8 13.b4 a5 14.Rb1 axb4 15.axb4 Nd5
16.e4 Nxb4 17.Qd2 Be7 18.Rb3 Rd8 19.Qb2 Na6 20.Be3 b4 21.Na4 c5 22.Rc1 Bxe4
23.dxc5 Bc6 24.Nb6 Nxb6 25.cxb6 Bd5 26.Rd3 Rc8 27.Rdd1 b3 28.Rxc8+ Qxc8 29.Rxd5 exd5
30.Qxb3 Nb4 31.g3 Rb8 32.Ne5 Qe6 33.Bd4 Bd6 34.Bg4 Qe7 35.Qc3 Bxe5 36.Bxe5 Rxb6
37.Bxg7 Rc6 38.Qe5 Qxe5 39.Bxe5 d4 40.Kf1 Nd3 41.Bb8 Rc2 42.f4 Nb2 43.Be5 d3
44.h3 Nc4 45.Bd4 Rc1+  0-1

[Event "ch-LTU"]
[Site "Vilnius LTU"]
[Date "2004.04.24"]
[Round "2"]
[White "Butnorius,A"]
[Black "Sakalauskas,V"]
[Result "1/2-1/2"]
[WhiteElo "2423"]
[BlackElo "2437"]

1.Nf3 d5 2.d4 e6 3.c4 c6 4.e3 Nf6 5.Nc3 Nbd7 6.Qc2 Bd6 7.Be2 O-O 8.O-O dxc4
9.Bxc4 b5 10.Be2 Bb7 11.Rd1 Qc7 12.e4 e5 13.dxe5 Nxe5 14.Nd4 Ng6 15.g3 Rfe8
16.Bg5 Be5 17.Bxf6 Bxf6 18.Nd5 Qe5 19.Nxc6 Qxb2 20.Qxb2 Bxb2 21.Rab1 Bxc6
22.Rxb2 Rxe4  1/2-1/2